Statistiques concernant Wakfu - Personnages: Shushu

Cliquez ici pour prendre le quiz!

Statistiques générales

  • Ce quiz a été pris 29 fois
  • Le résultat moyen est 6 sur 8

Statistiques - réponses

Réponse% Correct
Rubilax
95%
Rubilax
95%
Rushu
95%
Ombrage
77%
Ombrage
77%
Anathar
64%
Grufon
55%
Djaul
36%

Distribution des résultats

Percentile par nombre de réponses

% des personnes avec chaque résultat

Votre développement - résultats

Vous n’avez pas pris ce quiz